| 000 | 00474nam a2200157Ia 4500 | ||
|---|---|---|---|
| 999 |
_c12884 _d12884 |
||
| 082 | _aTP.0010 | ||
| 100 | _aPatnaik, Manjurani | ||
| 245 | 0 | _aDrought-proneness and human response : Case study of Orissa | |
| 260 |
_c1985 _bIndian Institute of Technology, Kharagpur |
||
| 300 | _axii, 267p. + C D - 46 | ||
| 650 | _aWATER SUPPLY///DROUGHTS | ||
| 650 | _aDROUGHTS - ORISSA | ||
| 650 | _aRAIN AND RAINFALL///DROUGHTS | ||
| 650 | _aMETEOROLOGY///DROUGHTS | ||
| 942 |
_cTH _2ddc |
||